| 000 | 00441nam a2200181Ia 4500 | ||
|---|---|---|---|
| 003 | IIN | ||
| 005 | 20250507144216.0 | ||
| 008 | 231217s9999 xx 000 0 und d | ||
| 020 |
_cRs.395.00 _a9789386827265 |
||
| 040 |
_aIIN _bEnglish |
||
| 082 |
_a610.73 _bJYO |
||
| 100 | 1 | _aJyoti | |
| 245 | 1 |
_aSociology for GNM Nursing Students/ _cJyoti |
|
| 260 |
_bCBS _aNew Delhi _c2018 |
||
| 300 | _a154p. | ||
| 650 | 1 | _aSociology | |
| 942 | _cBOOK | ||
| 999 |
_c1585 _d1585 |
||